000 00462nam a2200157Ia 4500
008 230714s9999 xx 000 0 und d
041 _aeng
082 _a658
_bSHE
100 _aShejwalkar P.C.
245 _aPrinciples and Practice of Management
260 _c2009
_bEverest Publishing House
300 _a130
365 _cRs.
_b235.00
700 _aShejwalkar P.C., Ghanekar A. & Bhivpathaki D.
906 _dO:0022231-Aug-2009B:219706-Jul-2009
_cSS
_b119.85
999 _c197780
_d197780